Villes européennes avec métro - Statistiques

Statistiques générales
  • Ce quiz a été pris 401 fois
    397 depuis la dernière actualisation
  • Le résultat moyen est 37 sur 51
Statistiques - réponses
Pays Ville % Correct
Allemagne Berlin
98%
Madrid
98%
Paris
98%
Belgique Bruxelles
97%
Marseille
97%
Lyon
96%
Espagne Barcelone
95%
Moscou
95%
Rome
94%
France Lille
92%
Portugal Lisbonne
92%
Munich
92%
Roumanie Bucarest
91%
Londres
91%
Pologne Varsovie
91%
Autriche Vienn
91%
Pays-bas Amsterdam
90%
Gréce Athenes
90%
Bulgarie Sofia
90%
Hongrie Budapest
89%
Kiev
89%
Milan
89%
Norvége Oslo
89%
Toulouse
89%
Finlande Helsinki
88%
Danemark Copenhague
86%
Saint-Pétersbourg
86%
Naples
85%
Suéde Stockholm
85%
Turin
84%
Biélorussie Minsk
83%
Séville
83%
Hambourg
81%
Rotterdam
81%
Tchèquie Prague
80%
Rennes
78%
Valence
77%
Francfort
70%
Bilbao
60%
Royaume-Uni Glasgow
51%
Gênes
50%
Suisse Lausanne
46%
Russie Kazan
28%
Nijni Novgorod
27%
Kharkiv
25%
Nuremberg
25%
Iekaterinbourg
14%
Ukraine Dnipro
12%
Samara
12%
Italie Brescia
7%
Novosibirsk
4%
Aucun quiz correspondant
Distribution des résultats
% des personnes avec chaque résultat
Percentile par nombre de réponses
Votre historique - résultats
Vous n’avez pas pris ce quiz depuis la dernière actualisation